| 000 | 00431nam a2200181Ia 4500 | ||
|---|---|---|---|
| 001 | 14178 | ||
| 005 | 20260306164855.0 | ||
| 008 | 260306t1992||||xx |||||||||||||| ||spa|| | ||
| 041 | _aESP | ||
| 082 |
_a510 _bK62 |
||
| 100 |
_aKline, Morris _eAUT |
||
| 245 | 0 | _aMatemáticas para los estudiantes de humanidades | |
| 260 | _c1992 | ||
| 300 |
_a575 páginas : _c |
||
| 650 | _aGEN | ||
| 654 | _aCMA | ||
| 942 |
_cLIB _dJUS _fJUS _2ddc _n |
||
| 999 |
_c14178 _d14178 |
||